[Event "Rapide Nancy 2018"]
[Site "Nancy"]
[Date "2018.03.04"]
[Round "9.3"]
[White "BOK, Benjamin"]
[Black "FELLER, Sebastien"]
[Result "1-0"]
[BlackElo "2627"]
[WhiteElo "2619"]
[LiveChessVersion "1.4.8"]

1. e4 {[%clk 0:15:04]} Nc6 {[%clk 0:15:05]} 2. d4 {[%clk 0:15:05]} d5
{[%clk 0:15:07]} 3. e5 {[%clk 0:15:07]} Bf5 {[%clk 0:15:09]} 4. c3
{[%clk 0:15:07]} e6 {[%clk 0:15:10]} 5. Nd2 {[%clk 0:15:08]} f6 {[%clk 0:14:52]}
6. f4 {[%clk 0:12:52]} fxe5 {[%clk 0:14:43]} 7. fxe5 {[%clk 0:12:50]} Nge7
{[%clk 0:14:27]} 8. Nh3 {[%clk 0:12:20]} Qd7 {[%clk 0:13:06]} 9. Nf2
{[%clk 0:11:59]} O-O-O {[%clk 0:11:44]} 10. Be2 {[%clk 0:09:37]} Kb8
{[%clk 0:10:33]} 11. O-O {[%clk 0:09:18]} Nc8 {[%clk 0:10:33]} 12. a4
{[%clk 0:08:51]} Be7 {[%clk 0:10:19]} 13. b4 {[%clk 0:08:22]} Rdf8
{[%clk 0:10:19]} 14. Nb3 {[%clk 0:08:19]} Nb6 {[%clk 0:09:58]} 15. b5
{[%clk 0:06:25]} Nd8 {[%clk 0:09:59]} 16. Nc5 {[%clk 0:04:18]} Qe8
{[%clk 0:10:00]} 17. Ba3 {[%clk 0:04:11]} Rf7 {[%clk 0:09:41]} 18. a5
{[%clk 0:01:54]} Nc8 {[%clk 0:09:43]} 19. c4 {[%clk 0:01:14]} dxc4
{[%clk 0:08:18]} 20. Bxc4 {[%clk 0:01:15]} Rhf8 {[%clk 0:08:20]} 21. Qb3
{[%clk 0:01:15]} Bh4 {[%clk 0:07:58]} 22. g3 {[%clk 0:00:40]} Bg5
{[%clk 0:08:00]} 23. Rae1 {[%clk 0:00:19]} Bd2 {[%clk 0:07:41]} 24. Bb4
{[%clk 0:00:09]} Bxe1 {[%clk 0:07:39]} 25. Rxe1 {[%clk 0:00:10]} Bc2
{[%clk 0:07:23]} 26. Qxc2 {[%clk 0:00:10]} Rxf2 {[%clk 0:07:25]} 27. Qxh7
{[%clk 0:00:08]} Rh8 {[%clk 0:07:08]} 28. Qxg7 {[%clk 0:00:06]} Rhxh2
{[%clk 0:06:54]} 29. Nd7+ {[%clk 0:00:06]} Ka8 {[%clk 0:06:27]} 30. Nf6
{[%clk 0:00:08]} Rfg2+ {[%clk 0:02:58]} 31. Kf1 {[%clk 0:00:10]} Rc2
{[%clk 0:03:00]} 32. Kg1 {[%clk 0:00:04]} Rcg2+ {[%clk 0:02:30]} 33. Kf1
{[%clk 0:00:07]} Rb2 {[%clk 0:02:32]} 34. Re2 {[%clk 0:00:06]} Rb1+
{[%clk 0:02:33]} 35. Be1 {[%clk 0:00:07]} Qh8 {[%clk 0:02:11]} 36. Qxh8
{[%clk 0:00:06]} Rxh8 {[%clk 0:02:12]} 37. Kg2 {[%clk 0:00:07]} Rc1
{[%clk 0:02:00]} 38. Ba2 {[%clk 0:00:05]} Ne7 {[%clk 0:01:58]} 39. Bb4
{[%clk 0:00:06]} Nf5 {[%clk 0:01:57]} 40. Rd2 {[%clk 0:00:04]} Rch1
{[%clk 0:01:21]} 41. g4 {[%clk 0:00:04]} R8h2+ {[%clk 0:01:18]} 42. Kf3
{[%clk 0:00:06]} Rxd2 {[%clk 0:01:07]} 43. Bxd2 {[%clk 0:00:08]} Nxd4+
{[%clk 0:01:09]} 44. Ke4 {[%clk 0:00:07]} Nxb5 {[%clk 0:01:05]} 45. Bc4
{[%clk 0:00:06]} a6 {[%clk 0:01:06]} 46. g5 {[%clk 0:00:07]} Rd1 {[%clk 0:00:33]}
47. Ke3 {[%clk 0:00:05]} Rg1 {[%clk 0:00:33]} 48. Kf2 {[%clk 0:00:05]} Rd1
{[%clk 0:00:28]} 49. Be3 {[%clk 0:00:06]} Nc6 {[%clk 0:00:26]} 50. g6
{[%clk 0:00:07]} Nxe5 {[%clk 0:00:14]} 51. g7 {[%clk 0:00:08]} Rd8
{[%clk 0:00:07]} 52. Bxe6 {[%clk 0:00:08]} Nd6 {[%clk 0:00:08]} 53. g8=Q
{[%clk 0:00:05]} Rxg8 {[%clk 0:00:09]} 54. Bxg8 {[%clk 0:00:06]} Nec4
{[%clk 0:00:09]} 55. Nd5 {[%clk 0:00:05]} Kb8 {[%clk 0:00:09]} 56. Bf4
{[%clk 0:00:06]} Nxa5 {[%clk 0:00:10]} 57. Ke3 {[%clk 0:00:07]} Nc6
{[%clk 0:00:10]} 58. Kd2 {[%clk 0:00:08]} a5 {[%clk 0:00:11]} 59. Bh7
{[%clk 0:00:09]} a4 {[%clk 0:00:12]} 60. Bc2 {[%clk 0:00:10]} a3 {[%clk 0:00:14]}
61. Bb3 {[%clk 0:00:11]} Nb5 {[%clk 0:00:09]} 62. Ba2 {[%clk 0:00:09]} Ka7
{[%clk 0:00:11]} 63. Kc2 {[%clk 0:00:10]} Ka6 {[%clk 0:00:11]} 64. Bc4
{[%clk 0:00:09]} Ncd4+ {[%clk 0:00:10]} 65. Kb1 {[%clk 0:00:09]} c6
{[%clk 0:00:11]} 66. Nc7+ {[%clk 0:00:07]} Ka5 {[%clk 0:00:13]} 67. Bd2+
{[%clk 0:00:07]} Kb6 68. Nxb5 {[%clk 0:00:08]} cxb5 {[%clk 0:00:10]} 69. Bg8
{[%clk 0:00:07]} Kc5 {[%clk 0:00:11]} 70. Ka2 {[%clk 0:00:08]} b4
{[%clk 0:00:13]} 71. Be3 {[%clk 0:00:10]} b6 {[%clk 0:00:06]} 72. Bg1
{[%clk 0:00:11]} Kd5 1-0

[Event "Rapide Nancy 2018"]
[Site "Nancy"]
[Date "2018.03.04"]
[Round "9.4"]
[White "RIFF, Jean-Noel"]
[Black "BELLAHCENE, Bilel"]
[Result "1-0"]
[BlackElo "2409"]
[WhiteElo "2514"]
[LiveChessVersion "1.4.8"]

1. e4 {[%clk 0:15:05]} Nc6 {[%clk 0:15:06]} 2. Nf3 {[%clk 0:14:53]} e5
{[%clk 0:15:07]} 3. Bb5 {[%clk 0:14:53]} Nge7 {[%clk 0:14:58]} 4. O-O
{[%clk 0:13:58]} a6 {[%clk 0:14:43]} 5. Bc4 {[%clk 0:14:00]} Ng6 {[%clk 0:14:38]}
6. d4 {[%clk 0:13:57]} Be7 {[%clk 0:13:45]} 7. Nxe5 {[%clk 0:13:11]} Ncxe5
{[%clk 0:13:46]} 8. dxe5 {[%clk 0:13:13]} Nxe5 {[%clk 0:13:45]} 9. Bb3
{[%clk 0:13:15]} O-O {[%clk 0:13:45]} 10. f4 {[%clk 0:13:17]} Nc6
{[%clk 0:13:48]} 11. c3 {[%clk 0:12:46]} Kh8 {[%clk 0:13:09]} 12. Nd2
{[%clk 0:12:40]} Bc5+ {[%clk 0:12:44]} 13. Kh1 {[%clk 0:12:41]} d6
{[%clk 0:12:46]} 14. Nf3 {[%clk 0:12:35]} h6 {[%clk 0:12:00]} 15. Qe1
{[%clk 0:10:07]} Be6 {[%clk 0:11:40]} 16. Qg3 {[%clk 0:09:56]} Bxb3
{[%clk 0:09:36]} 17. axb3 {[%clk 0:09:58]} Ne7 {[%clk 0:09:39]} 18. b4
{[%clk 0:09:54]} Bb6 {[%clk 0:09:39]} 19. f5 {[%clk 0:09:07]} Ng8
{[%clk 0:09:41]} 20. Bf4 {[%clk 0:09:02]} Nf6 {[%clk 0:08:14]} 21. Rae1
{[%clk 0:09:05]} Nh5 {[%clk 0:06:57]} 22. Qg4 {[%clk 0:09:07]} Nxf4
{[%clk 0:06:58]} 23. Qxf4 {[%clk 0:09:09]} Qf6 {[%clk 0:06:40]} 24. e5
{[%clk 0:09:09]} dxe5 {[%clk 0:06:18]} 25. Nxe5 {[%clk 0:09:06]} Rad8
{[%clk 0:05:33]} 26. Qf3 {[%clk 0:04:50]} Rd2 {[%clk 0:03:01]} 27. Nc4
{[%clk 0:04:25]} Rc2 {[%clk 0:01:54]} 28. Qxb7 {[%clk 0:03:56]} Rd8
{[%clk 0:01:08]} 29. Qe4 {[%clk 0:03:02]} Rf2 {[%clk 0:01:10]} 30. Rxf2
{[%clk 0:02:25]} Bxf2 {[%clk 0:01:12]} 31. Rf1 {[%clk 0:02:27]} Bb6
{[%clk 0:01:07]} 32. h3 {[%clk 0:02:27]} Qg5 {[%clk 0:00:32]} 33. Ne5
{[%clk 0:02:27]} Kg8 {[%clk 0:00:25]} 34. Qc4 {[%clk 0:02:10]} Qf6
{[%clk 0:00:13]} 35. Ng4 {[%clk 0:02:12]} Qd6 {[%clk 0:00:08]} 36. f6
{[%clk 0:02:11]} Qd3 {[%clk 0:00:11]} 37. Qf4 {[%clk 0:01:58]} g5
{[%clk 0:00:04]} 38. Qc1 {[%clk 0:01:36]} Qg6 {[%clk 0:00:05]} 39. Qe1
{[%clk 0:01:26]} h5 {[%clk 0:00:04]} 40. Qe7 {[%clk 0:01:20]} Rb8
{[%clk 0:00:04]} 41. Ne5 Qh7 42. Rd1 {[%clk 0:01:04]} Qh6 {[%clk 0:00:07]} 43.
Qxf7+ {[%clk 0:01:01]} 1-0